| 000 | 00373nam a2200157Ia 4500 | ||
|---|---|---|---|
| 008 | 230312s9999||||xx |||||||||||||| ||und|| | ||
| 020 | _a0-19-547675-0 | ||
| 082 |
_a820 _bOHL-V |
||
| 100 | _aOhler;Norman | ||
| 245 | 0 | _aVoices and Visions | |
| 260 |
_bOxford _aPakistan _c2008 |
||
| 300 | _a137 | ||
| 546 | _aEng. | ||
| 650 |
_aLiterature _vEnglish Literature |
||
| 942 | _cBK | ||
| 999 |
_c9336 _d9336 |
||